000 00540nam a22001697a 4500
003 BD-ChCU
005 20251112104226.0
008 251112b bg ||||| |||| 00| 0 ben d
040 _cBD-ChCU
082 _a510.5 SMM
100 _aSmmirnov , A.D.
_916010
245 _aMathematical tables :
_btables of airy functions and special confluent hypergeometric functions , for.... tr./
_cA.D. Smmirnov
260 _aOxford :
_bPergamon press .
_cC 1960
300 _avii , 260p
650 0 _aMathematics , Tables.
_916012
942 _2ddc
_cBK
_n0
999 _c109367
_d109367